| 000 | 00699nam a2200205 i 4500 | ||
|---|---|---|---|
| 001 | 133651 | ||
| 003 | ES-MaACL | ||
| 005 | 20250721200221.0 | ||
| 007 | t| | ||
| 008 | 070823s1971 sp ||||1| spa d | ||
| 100 | 1 |
_aWoodruff, A. W. _9117332 |
|
| 245 | 1 | 0 |
_aSinopsis de enfermedades infecciosas y tropicales / _cpor A. W. Woodruff y S. Bell ; [versión de Ramiro de la Mata Pagés]. |
| 260 |
_aBarcelona : _bEd. Científico-Médica, _c1971. |
||
| 300 |
_aXI, 677 p. ; _c19 cm. |
||
| 650 | 1 | 7 |
_aEnfermedades infecciosas _2embne _9135986 |
| 700 | 1 |
_aBell, S. _927183 |
|
| 700 | 1 |
_aMata Pagés, Ramiro de la. _978895 |
|
| 852 |
_aES-MaACL _jC-39327 _bR.79263 |
||
| 999 |
_c133651 _d133651 |
||